00590 a2200181 45000010006000000050017000060080041000230030015000640400040000790800099001192450027002182500011002452640034002563000018002905050064003080410008003721000028003802963720260407155606.0260407a1970 arg spa dAR-UNSa-BCEJYS aAR-UNSa-BCEJYSbspacAR-UNSa-BCEJYS a657.36xBalances de comprobación (balance estimativo). Balances de saldo. Balance intermedio10aAnatomía del balance a3a. ed 1aBuenos Aires :bDepalmac1970 a91 p.c25 cm. aAnálisis individual y análisis comparativo de balances  aspa1 aBarros Garcés, Raúl